Music Quiz

Random Music or Rap Quiz

Grammy Award Best Rap Song Quiz Stats

Quiz not verified by Sporcle

Also try: Where Is The Love?
Challenge
Share
Tweet
Embed
Score 0/7 Timer 02:00
0 Plays Today
Year Song % Correct
2004Lose Yourself
73.8%
2009Lollipop
65.2%
2010Run this Town
64.9%
2005Jesus Walks
58.9%
2008Good Life
48.6%
2007Money Maker
35.5%
2006Diamonds from Sierra Leone
21.1%

You're not logged in!

Compare scores with friends on all Sporcle quizzes.
Sign Up with Email
OR
Log In

You Might Also Like...

Show Comments

Extras

Top Quizzes Today


Score Distribution

Your Account Isn't Verified!

In order to create a playlist on Sporcle, you need to verify the email address you used during registration. Go to your Sporcle Settings to finish the process.